Sladké hry tajných agentov minulej sezóny

Bibliographic Details
Main Author: Puškáš, Jozef, 1951- (Author)
Format: Article
Language:Slovak
PhysicalDescription:Fotogr. 1
Subjects:

MARC

LEADER 00000nab a2200000 a 4500
001 vtls000596377
003 SK-MaSNL
005 20260303015634.0
008 120930c1996 xo 0 slo
015 |a SNBRB19rr/mm-uuuuu 
035 |a CL0596516 
040 |a SNKBUCL  |b slo  |c SNKBUCL  |e AACR2 
041 0 |a slo 
044 |a xo  |c SK 
080 |a 791.43(73)  |2 1981 
100 1 |a Puškáš, Jozef,  |d 1951-  |4 aut  |9 100431 
245 1 0 |a Sladké hry tajných agentov minulej sezóny  |c Jozef Puškáš 
300 |b Fotogr. 1 
650 0 7 |a Mission: Impossible (film USA)  |2 snkbucl  |9 998731 
655 7 |a články z novín a časopisov  |2 snkbucl  |9 267496 
773 0 |t Národná obroda  |g Roč. 7, č. 214 (13. 9. 1996), s. 10 
850 |a Slovenská národná knižnica v Martine  |a MTA001 
852 |a SNK  |b KIS3GCP 
958 |a RK 
992 |a RBX 
999 |c 1613871  |d 1615801